Những nội dung cơ bản của công pháp quốc tế và pháp luật về quan hệ quốc tế = L' essentiel du droit international public et du droit des relation internationales

Khái niệm và đặc điểm cơ bản của công pháp quốc tế. Chủ thể, nguyên tắc chủ yếu của công pháp quốc tế trong việc chung sống hoà bình giữa các nước

Kaydedildi:
Detaylı Bibliyografya
Yazar: Roche, Catherine
Materyal Türü: Kitap
Dil:Undetermined
Baskı/Yayın Bilgisi: Hà Nội Văn hóa Thông tin 2002
Konular:
Etiketler: Etiketle
Etiket eklenmemiş, İlk siz ekleyin!
Thư viện lưu trữ: Trung tâm Học liệu Trường Đại học Cần Thơ
LEADER 01170nam a2200229Ia 4500
001 CTU_158137
008 210402s9999 xx 000 0 und d
020 |c 18000 
082 |a 341 
082 |b R673 
100 |a Roche, Catherine 
245 0 |a Những nội dung cơ bản của công pháp quốc tế và pháp luật về quan hệ quốc tế = 
245 0 |b L' essentiel du droit international public et du droit des relation internationales 
245 0 |c Catherine Roche, Aurélia Potot-Nicol ; người dịch Nguyễn Thị Việt Hà 
260 |a Hà Nội 
260 |b Văn hóa Thông tin 
260 |c 2002 
520 |a Khái niệm và đặc điểm cơ bản của công pháp quốc tế. Chủ thể, nguyên tắc chủ yếu của công pháp quốc tế trong việc chung sống hoà bình giữa các nước 
650 |a International laws,Luật quốc tế,Foreign trade regulation,Quy định giao dịch quốc tế 
650 |z Vietnam,Việt Nam 
904 |i Trâm, Năm 
980 |a Trung tâm Học liệu Trường Đại học Cần Thơ